LEADER 00979nam0-2200313 --450 001 9910594497203321 005 20221004160215.0 010 $a9781108480147 010 $a9781108727082$bpbk 100 $a20221004d2020----kmuy0itay5050 ba 101 2 $alat$aeng 102 $aGB 105 $a 001yy 200 1 $aAb urbe condita. Book 22.$fLivy$gedited by John Briscoe and Simon Hornblower 210 $aCambridge [etc.]$cCambridge University Press$d2020 215 $aXIII, 365 p., [4] p. di tav.$ccarte geografiche$d22 cm. 225 1 $aCambridge Greek and Latin classics 676 $a937 676 $a878 700 1$aLivius,$bTitus$05194 702 1$aHornblower,$bSimon 702 1$aBriscoe,$bJohn$f<1938- > 801 0$aIT$bUNINA$gREICAT$2UNIMARC 901 $aBK 912 $a9910594497203321 952 $aP2B 640 CAMBR. LIVIUS. T. 401A (22) 2020$b2022/1182$fFLFBC 959 $aFLFBC 996 $aAb urbe condita. Book 22$92916496 997 $aUNINA LEADER 02344oam 2200553z 450 001 9910376102903321 005 20230801221815.0 010 $a3-905673-18-5 035 $a(CKB)3460000000103499 035 $a(SSID)ssj0000784660 035 $a(PQKBManifestationID)12344648 035 $a(PQKBTitleCode)TC0000784660 035 $a(PQKBWorkID)10763935 035 $a(PQKB)10678657 035 $a(Association for Computing Machinery)10.5555/2384368 035 $a(EXLCZ)993460000000103499 100 $a20160829h20042004 uy 0 101 0 $aeng 135 $aurnn|008mam|a 181 $ctxt$2rdacontent 182 $cc$2rdamedia 183 $acr$2rdacarrier 200 10$aVAST 2004 : the 5th International Symposium on Virtual Reality, Archaeology and Intelligent Cultural Heritage : incorporating 2nd EUROGRAPHICS Workshop on Graphics and Cultural Heritage : Conscience-auditorium, Brussels and Ename Center, Oudenaarde-Belgium 210 31$aAire-la Ville, Switzerland :$cEurographics Association,$d2004 210 4$aŠ2004 215 $a1 online resource (290 pages) $cillustrations (some color) 225 1 $aACM Other conferences 300 $aBibliographic Level Mode of Issuance: Monograph 410 0$aACM Other conferences 517 $aVAST'04 606 $aVirtual reality in archaeology$xData processing$vCongresses 606 $aArchaeology$xComputer simulation$vCongresses 606 $aImaging systems in archaeology$vCongresses 606 $aArchaeology$vCongresses 615 0$aVirtual reality in archaeology$xData processing 615 0$aArchaeology$xComputer simulation 615 0$aImaging systems in archaeology 615 0$aArchaeology 676 $a930.1/028568 700 $aChrysanthou$b Yiorgos$0882263 702 $aChrysanthou$b Yiorgos 712 02$aEuropean Association for Computer Graphics, 712 02$aSIGGRAPH, 712 12$aConference on Virtual Reality, Archaeology, and Cultural Heritage. 801 0$bPQKB 906 $aBOOK 912 $a9910376102903321 996 $aVAST 2004 : the 5th International Symposium on Virtual Reality, Archaeology and Intelligent Cultural Heritage : incorporating 2nd EUROGRAPHICS Workshop on Graphics and Cultural Heritage : Conscience-auditorium, Brussels and Ename Center, Oudenaarde-Belgium$91970617 997 $aUNINA